00537 2200217 4500001002100000005001500021008004100036020002200077035001900099041000700118082001100125090001700136100002200153700002300175245003000198250000600228260002700234300003000261500001100291650001700302INLIS00000000000147720241224112346241224||||||||| | ||| |||| || |  a978-602-9413-22-9 0010-1224001477 aid0 a616.39 a616.39 MER p0 aMerryana Andriani0 aBambang Wirjatmadi00aPengantar Gizi Masyarakat a1 aJakartabKencanac2012 axvi, 332 hlm.; 15 x 23 cm aCet. 1 0aIlmu Terapan